The 1975 - Wintering (Lyrics) - Statistics

General Stats
  • This quiz has been taken 143 times
  • The average score is 208 of 265
Answer Stats
Answer % Correct
the
100%
he
100%
He
100%
the
100%
a
99%
She
99%
she
99%
an
97%
and
97%
And
97%
I
97%
so
97%
be
94%
her
93%
home
93%
makes
93%
old
93%
old"
93%
on,
93%
on
93%
years
93%
He's
92%
he's
92%
just
92%
ten
92%
twenty-third
92%
won
92%
you
92%
down
91%
no
91%
of
91%
said
91%
said,
91%
walks
91%
like
90%
Like
90%
case
89%
court
89%
for
89%
stairs,
85%
ever
84%
ass
83%
got
83%
in
83%
I'll
82%
my
82%
fat
81%
feeling
81%
is
81%
sixty-four
81%
to
81%
vegan
81%
way
81%
with
81%
With
81%
about
80%
'cause
80%
'cause
80%
hurts"
80%
Mum
80%
are
78%
get
78%
not
78%
song
78%
"Woman,
78%
yeah
78%
Yeah,
78%
every
77%
funny
77%
Looking
77%
back
76%
been
76%
drive
76%
Four
76%
herself
76%
obsessed
76%
same
76%
since
76%
how
75%
it
75%
using
75%
up
74%
she's
73%
words
73%
asked
72%
chords
70%
family's
70%
Olivia's
70%
but
69%
frumpy
69%
line
69%
sound
69%
at
67%
John's
67%
work
67%
"Alex
66%
co-op
66%
soul
66%
chair
65%
into
65%
sculptor
65%
me
64%
voice
64%
best
63%
came
63%
fan
63%
heard
63%
that
63%
argue
61%
nothing
61%
Christmas,
60%
giving
60%
Julie
60%
bumped
59%
plays
59%
"Give
58%
Mum's
58%
nightmare
58%
stuffing,
58%
can
57%
eight
57%
friend
57%
heart
57%
died
56%
great
56%
it's
55%
Bill
53%
date
53%
pretty
53%
wedding
53%
Dad's
52%
gonna
52%
Grade
52%
skill,
52%
discussion
51%
his
51%
type
51%
fish
50%
guy
50%
have
50%
doesn't
49%
Mark
49%
official
49%
stop
49%
this
49%
ate
48%
fleece
48%
called
47%
Joanna
47%
Otis
47%
wanna
47%
Now
45%
Now,
45%
percussion,
45%
dresses
41%
Redding
41%
While
41%
while
41%
wears
40%
Hannah
39%
coalesces
30%
Debbie
26%
Vin
26%
No matching quizzes found
Score Distribution
Percent of People with Each Score
Percentile by Number Answered
Your Score History
You have not taken this quiz